[Event "Kiryat Ono Summer op"]
[Site "Kiryat Ono"]
[Date "2016.07.04"]
[Round "2"]
[White "Hadari, Ariel"]
[Black "Inbal, Nimrod"]
[Result "1-0"]
[WhiteElo "2033"]
[BlackElo "1908"]
[PlyCount "83"]
[EventDate "2016.07.03"]
[EventType "swiss"]
[EventRounds "5"]
[EventCountry "ISR"]
[SourceTitle "CBM 173 Extra"]
[Source "ChessBase"]
[SourceDate "2016.08.29"]
[SourceVersion "1"]
[SourceVersionDate "2016.08.29"]
[SourceQuality "1"]

1. e4 e5 2. Nf3 Nc6 3. Bb5 Nf6 4. d3 Bc5 5. 0-0 d6 6. Nc3 h6 7. Na4 Bb6 8. Nxb6 axb6 9. d4 exd4 10. Nxd4 Bd7 11. Nxc6 bxc6 12. Bd3 0-0 13. b3 Re8 14. Qf3 Ng4 15. Bb2 Ne5 16. Qg3 Qg5 17. Be2 Qxg3 18. hxg3 b5 19. a4 bxa4 20. bxa4 Ra5 21. Bc3 Rc5 22. Ra3 Nc4 23. Rb3 Na5 24. Bxa5 Rxa5 25. Rb7 Rc8 26. Ra1 c5 27. Bb5 Be6 28. Bc6 Ra6 29. Bd5 Rca8 30. Rxc7 Rxa4 31. Rxa4 Rxa4 32. Bxe6 fxe6 33. e5 d5 34. Rxc5 Re4 35. f4 g5 36. f5 Rxe5 37. fxe6 Kf8 38. c4 Re1+ 39. Kf2 Rc1 40. Rc8+ Ke7 41. Rc7+ Kxe6 42. cxd5+ 1-0

[Event "Kiryat Ono op 6th"]
[Site "Kiryat Ono"]
[Date "2015.07.09"]
[Round "5"]
[White "Kerner, Michael"]
[Black "Hadari, Ariel"]
[Result "1-0"]
[WhiteElo "2082"]
[BlackElo "2023"]
[PlyCount "45"]
[EventDate "2015.07.05"]
[EventType "swiss"]
[EventRounds "5"]
[EventCountry "ISR"]
[SourceTitle "CBM 167 Extra"]
[Source "ChessBase"]
[SourceDate "2015.09.14"]
[SourceVersion "1"]
[SourceVersionDate "2015.09.14"]
[SourceQuality "1"]

1. c4 c6 2. Nf3 d5 3. b3 Bg4 4. Ne5 Bh5 5. Bb2 f6 6. g4 fxe5 7. gxh5 d4 8. Bg2 Nd7 9. Qc2 Ngf6 10. Qf5 Kf7 11. Bh3 g6 12. Qe6+ Kg7 13. Rg1 Qe8 14. f4 Kh6 15. d3 Kxh5 16. Bf1 Kh6 17. fxe5 Ng8 18. Bxd4 Kg7 19. Nd2 c5 20. Be3 Rd8 21. Bh3 Nh6 22. 0-0-0 Rg8 23. Bxh6+ 1-0

[Event "Kiryat Ono op-A 4th"]
[Site "Kiryat Ono"]
[Date "2013.07.01"]
[Round "2"]
[White "Erenberg, Ariel"]
[Black "Hadari, Ariel"]
[Result "0-1"]
[WhiteElo "1938"]
[BlackElo "2030"]
[PlyCount "108"]
[EventDate "2013.06.30"]
[EventType "swiss"]
[EventRounds "5"]
[EventCountry "ISR"]
[SourceTitle "CBM 155 Extra"]
[Source "ChessBase"]
[SourceDate "2013.08.26"]
[SourceVersion "1"]
[SourceVersionDate "2013.08.26"]
[SourceQuality "1"]

1. d4 d5 2. c4 c6 3. Nc3 dxc4 4. a4 e5 5. e3 exd4 6. exd4 Be6 7. Nf3 Nf6 8. Be2 Bb4 9. 0-0 0-0 10. Bg5 h6 11. Bh4 Nbd7 12. Nd2 Nb6 13. Nde4 Be7 14. Bxf6 Bxf6 15. Nxf6+ Qxf6 16. Ne4 Qe7 17. Nc5 Bd5 18. Bg4 Rad8 19. Re1 Qc7 20. a5 Nc8 21. Qe2 b6 22. axb6 axb6 23. Na6 Qf4 24. Rad1 Rde8 25. g3 Rxe2 26. gxf4 Rxb2 27. Nc7 b5 28. Nxd5 cxd5 29. Bf3 Rd8 30. Bxd5 Rxd5 31. Re8+ Kh7 32. Rxc8 Rb3 33. Kf1 Rd3 34. Rxd3 cxd3 35. Rc3 Rxd4 36. Ke1 d2+ 37. Kd1 Rxf4 38. f3 Rd4 39. Rc6 Rd3 40. Rb6 Rd5 41. h4 g6 42. Rb7 h5 43. Rb8 g5 44. hxg5 h4 45. Re8 Rd4 46. f4 Rxf4 47. Kxd2 h3 48. Re1 Rh4 49. Rh1 h2 50. Ke3 Kg6 51. Kf3 b4 52. Kg3 Kxg5 53. Kg2 Kg4 54. Kf2 Rh3 0-1